| 000 | 01349nam a2200325 c 4500 | ||
|---|---|---|---|
| 003 | BLK | ||
| 005 | 20221122152753.0 | ||
| 008 | 180409b bul|||||r ||||||| ||bul|| | ||
| 010 | _aKNG00136475000 | ||
| 020 |
_a978-954-28-0762-9 _bиздат.: Сиела Софт енд Паблишинг |
||
| 040 | _aBLK | ||
| 041 |
_aBUL _cBUL |
||
| 072 | 7 |
_2bullib _aН84 _xБългарска художествена литература Н |
|
| 080 |
_aБългарска литература _b821.163.2 _x-31 _z821.163.2-31 |
||
| 100 | 1 |
_aИванова, Светла Георгиева _eпърви автор _9302970 |
|
| 139 |
_aИванова, Светла Георгиева _bИ 22 |
||
| 245 | 1 | 0 |
_aСветът в (между) краката й _bРоман _cСветла Георгиева Иванова. |
| 257 | _aBGR | ||
| 260 |
_аСофия _bСиела Софт енд Паблишинг _c2010 |
||
| 300 |
_a228 с. _c20 см |
||
| 380 | _aX | ||
| 500 | _aНа кор. означено Първият български Diclit. Продълж. на кн. Забранено до 18! | ||
| 653 | _aромани | ||
| 659 | _aН | ||
| 852 | _aЦб 256917 | ||
| 856 | 4 |
_qpdf _u |
|
| 856 | 4 |
_qpdf _u |
|
| 942 |
_cKNG _n0 _04 |
||
| 944 |
_aCR _c26.11.2012 _lф / _kЛюдмила_Стоянова |
||
| 944 |
_aED _c27.03.2017 _lф / _kЛюдмила_Стоянова |
||
| 999 |
_c130687 _d130687 |
||